[Event "Politiken Cup 2008"]
[Site "Helsingør DEN"]
[Date "2008.07.20"]
[Round "3.133"]
[White "Mølvig, Julius"]
[Black "Krueger, Bernhard"]
[Result "0-1"]
[WhiteElo "1203"]
[BlackElo "1761"]
[PlyCount "74"]
[EventDate "2008.07.20"]
[EventType "swiss"]
[EventRounds "9"]
[EventCountry "DEN"]
[Source "lmi"]
[SourceDate "2008.07.20"]
[WhiteTeam "Skovbo"]
[BlackTeam "SC Grunbach"]

1. d4 Nf6 2. c4 e6 3. Nc3 Bb4 4. a3 Bxc3+ 5. bxc3 d5 6. cxd5 Qxd5 7. e3 Bd7 8.
c4 Qa5+ 9. Bd2 Qa4 10. Nf3 O-O 11. Bb4 Qxd1+ 12. Rxd1 Re8 13. d5 Ba4 14. Rd3 a5
15. Bc3 Nbd7 16. Be2 Nc5 17. Rd4 Nfe4 18. dxe6 Nxc3 19. exf7+ Kxf7 20. Ng5+ Kg8
21. Bg4 h6 22. Nf3 Rad8 23. O-O Ne2+ 24. Kh1 Nxd4 25. exd4 Nd3 26. d5 Nc5 27.
Nd4 Bd7 28. Bh5 Re5 29. Bf3 Rde8 30. Be2 Rxe2 31. Nxe2 Rxe2 32. h3 Nd3 33. Kh2
Re1 34. Rh1 Rxh1+ 35. Kxh1 Nxf2+ 36. Kg1 Nd3 37. g4 Kf7 0-1

[Event "Politiken Cup 2008"]
[Site "Helsingør DEN"]
[Date "2008.07.20"]
[Round "3.134"]
[White "Pallesen, Jorn"]
[Black "Barene, Simon"]
[Result "0-1"]
[WhiteElo "1696"]
[BlackElo "1194"]
[PlyCount "120"]
[EventDate "2008.07.20"]
[EventType "swiss"]
[EventRounds "9"]
[EventCountry "DEN"]
[Source "lmi"]
[SourceDate "2008.07.20"]
[WhiteTeam "Frem"]
[BlackTeam "Sandness"]

1. e4 c5 2. Nf3 Nc6 3. Nc3 g6 4. d4 cxd4 5. Nxd4 Bg7 6. Be3 Nf6 7. Nxc6 bxc6 8.
e5 Ng8 9. Bd4 Qc7 10. e6 Bxd4 11. exf7+ Kxf7 12. Qxd4 Nf6 13. Be2 Qb6 14. Qxb6
axb6 15. Bf3 Ba6 16. O-O-O Bc4 17. b3 Be6 18. h3 b5 19. Kb2 Ra7 20. g4 g5 21.
a4 bxa4 22. Nxa4 Bd5 23. Bxd5+ Nxd5 24. c4 Nf6 25. f3 Rb8 26. Ra1 Rba8 27. h4
h6 28. hxg5 hxg5 29. Rae1 d6 30. Re2 Rb7 31. Kc3 Rab8 32. Rb2 c5 33. Kc2 Nd7
34. Rf1 Ne5 35. Kc3 Rh8 36. Rbf2 Ng6 37. Rb2 Rh3 38. Kd3 Ne5+ 39. Ke4 Rb4 40.
Rff2 Nxc4 41. bxc4 Rxc4+ 42. Kf5 Rxa4 43. Kxg5 Ra3 44. f4 c4 45. Rb7 Ra5+ 46.
f5 Re5 47. Ra2 c3 48. Ra8 c2 49. Ra1 Rc5 50. Rc1 Rd3 51. Rb2 Rd2 52. Kf4 Rc4+
53. Ke3 Rg2 54. Kf3 Rgxg4 55. Rbxc2 Rgf4+ 56. Kg3 Rxc2 57. Rxc2 Rxf5 58. Kg4
Rf1 59. Rh2 Ke6 60. Rh6+ Kd5 0-1

[Event "Politiken Cup 2008"]
[Site "Helsingør DEN"]
[Date "2008.07.20"]
[Round "3.135"]
[White "Bräuner, Benjamin"]
[Black "Hansen, Anders"]
[Result "0-1"]
[WhiteElo "1147"]
[BlackElo "1682"]
[PlyCount "48"]
[EventDate "2008.07.20"]
[EventType "swiss"]
[EventRounds "9"]
[EventCountry "DEN"]
[Source "lmi"]
[SourceDate "2008.07.20"]
[WhiteTeam "BMS"]
[BlackTeam "Harplinge"]

1. e4 c5 2. Nf3 e6 3. d4 cxd4 4. Nxd4 Nc6 5. Nc3 Qc7 6. Bb5 Nf6 7. O-O a6 8.
Ba4 b5 9. Bb3 Bb7 10. Bg5 h5 11. Bxf6 gxf6 12. f4 Nxd4 13. Kh1 Nxb3 14. axb3 b4
15. Ne2 Bxe4 16. c4 h4 17. h3 Rg8 18. Rf2 Bc5 19. Nd4 Ke7 20. Qd2 Rg3 21. Kh2
Rd3 22. Qe1 Rxd4 23. Re2 Qxf4+ 24. Kg1 Rd1+ 0-1

[Event "Politiken Cup 2008"]
[Site "Helsingør DEN"]
[Date "2008.07.20"]
[Round "3.136"]
[White "Stockhaug, Jon Arne"]
[Black "Nielsen, Bjørn"]
[Result "1-0"]
[WhiteElo "1682"]
[BlackElo "1091"]
[PlyCount "105"]
[EventDate "2008.07.20"]
[EventType "swiss"]
[EventRounds "9"]
[EventCountry "DEN"]
[Source "lmi"]
[SourceDate "2008.07.20"]
[WhiteTeam "Stjordal"]
[BlackTeam "KS"]

1. Nf3 Nc6 2. d4 d5 3. Bf4 Nf6 4. e3 h6 5. Bb5 Bd7 6. O-O e6 7. c4 dxc4 8. Bxc4
Nd5 9. Bg3 Be7 10. Nc3 O-O 11. Bxd5 exd5 12. Nxd5 Be6 13. Nxc7 Rc8 14. Nxe6
fxe6 15. a3 Qe8 16. b4 a6 17. Qb3 Bf6 18. Rac1 Rd8 19. Rfd1 Qf7 20. Nd2 Ne7 21.
Rc7 b6 22. Rcc1 Nf5 23. Ne4 Nxg3 24. hxg3 Be7 25. Rc6 e5 26. Qxf7+ Rxf7 27. d5
a5 28. Rxb6 axb4 29. axb4 Rff8 30. d6 Bf6 31. Nxf6+ gxf6 32. d7 Kg7 33. Rc6 Rf7
34. Rc7 Re7 35. b5 Re6 36. Rc8 Rxd7 37. Rxd7+ Kg6 38. Rc6 Re8 39. b6 Ra8 40. b7
Ra1+ 41. Kh2 Rb1 42. Rc8 Rxb7 43. Rxb7 Kf5 44. Rc6 h5 45. Rf7 Kg5 46. Rcxf6 e4
47. Rf5+ Kg6 48. R7f6+ Kg7 49. Rc6 h4 50. Ra5 hxg3+ 51. Kxg3 Kf7 52. Ra7+ Ke8
53. Rc8# 1-0

[Event "Politiken Cup 2008"]
[Site "Helsingør DEN"]
[Date "2008.07.20"]
[Round "3.137"]
[White "Hjornevik, Asbjorn"]
[Black "Jorgensen, Orla Eilegaard"]
[Result "1-0"]
[WhiteElo "1000"]
[BlackElo "1678"]
[PlyCount "103"]
[EventDate "2008.07.20"]
[EventType "swiss"]
[EventRounds "9"]
[EventCountry "DEN"]
[Source "lmi"]
[SourceDate "2008.07.20"]
[WhiteTeam "Sandness"]
[BlackTeam "Odysseus"]

1. e4 c5 2. Nf3 d6 3. c3 Nc6 4. Be2 Nf6 5. d3 g6 6. O-O Bg7 7. Bg5 O-O 8. Qd2
Re8 9. Na3 a6 10. Nc2 b5 11. a4 bxa4 12. Rxa4 Rb8 13. Ne3 a5 14. Rfa1 Bd7 15.
Nc4 Ra8 16. R4a3 Qc7 17. h3 e6 18. Bf4 e5 19. Bh6 Be6 20. Bxg7 Kxg7 21. Ne3 d5
22. exd5 Nxd5 23. Nxd5 Bxd5 24. c4 Be6 25. Bd1 Red8 26. Qe3 Qd6 27. Ba4 f6 28.
Bxc6 Qxc6 29. Rxa5 Bf5 30. Rxa8 Rxa8 31. Rxa8 Qxa8 32. Qxc5 Qa1+ 33. Kh2 Qxb2
34. Qe7+ Kg8 35. Qxf6 Qxf2 36. Qxe5 Qf1 37. Qd5+ Kg7 38. d4 h5 39. c5 Qc1 40.
Qe5+ Kg8 41. Qe8+ Kg7 42. Qe7+ Kg8 43. Qg5 Qf1 44. Nh4 Bxh3 45. Kxh3 Qh1+ 46.
Kg3 Qe1+ 47. Kh2 Kf8 48. Qf6+ Kg8 49. Qxg6+ Kf8 50. Nf5 h4 51. Qg7+ Ke8 52.
Qe5+ 1-0

[Event "Politiken Cup 2008"]
[Site "Helsingør DEN"]
[Date "2008.07.21"]
[Round "4.8"]
[White "Socko, Monika"]
[Black "Mchedlishvili, Mikheil"]
[Result "1/2-1/2"]
[WhiteElo "2473"]
[BlackElo "2604"]
[PlyCount "56"]
[EventDate "2008.07.20"]
[EventType "swiss"]
[EventRounds "9"]
[EventCountry "DEN"]
[Source "lmi"]
[SourceDate "2008.07.20"]

1. d4 d5 2. c4 e6 3. Nc3 c6 4. cxd5 exd5 5. Qc2 Bd6 6. Nf3 Ne7 7. Bg5 Bg4 8. e3
Bh5 9. Be2 Bg6 10. Qd2 Nd7 11. Bh4 O-O 12. O-O Qe8 13. Bg3 Nf5 14. Bxd6 Nxd6
15. b4 b5 16. a4 Nc4 17. Bxc4 bxc4 18. b5 Qe6 19. Ng5 Qd6 20. e4 dxe4 21. Ngxe4
Bxe4 22. Nxe4 Qg6 23. Rfe1 Nb6 24. Ra3 f5 25. Rg3 Qh5 26. Rh3 Qg6 27. Rg3 Qh5
28. Rh3 Qg6 1/2-1/2

[Event "Politiken Cup 2008"]
[Site "Helsingør DEN"]
[Date "2008.07.21"]
[Round "4.11"]
[White "Kuzubov, Yuriy"]
[Black "Ashwin, Jayaram"]
[Result "1/2-1/2"]
[WhiteElo "2578"]
[BlackElo "2436"]
[PlyCount "36"]
[EventDate "2008.07.20"]
[EventType "swiss"]
[EventRounds "9"]
[EventCountry "DEN"]
[Source "lmi"]
[SourceDate "2008.07.20"]

1. d4 d5 2. c4 c6 3. Nf3 e6 4. Qc2 dxc4 5. Qxc4 Nf6 6. g3 b5 7. Qb3 Bb7 8. Bg2
a6 9. a4 c5 10. axb5 c4 11. Qc2 Be4 12. Qd1 axb5 13. Rxa8 Bxa8 14. O-O Be7 15.
b3 cxb3 16. Qxb3 b4 17. Nbd2 O-O 18. Bb2 Ne4 1/2-1/2

[Event "Politiken Cup 2008"]
[Site "Helsingør DEN"]
[Date "2008.07.21"]
[Round "4.14"]
[White "Cmilyte, Viktorija"]
[Black "Matthiesen, Martin"]
[Result "1-0"]
[WhiteElo "2508"]
[BlackElo "2345"]
[PlyCount "79"]
[EventDate "2008.07.20"]
[EventType "swiss"]
[EventRounds "9"]
[EventCountry "DEN"]
[Source "lmi"]
[SourceDate "2008.07.20"]
[BlackTeam "SK68"]

1. d4 Nf6 2. c4 g6 3. g3 Bg7 4. Bg2 O-O 5. Nc3 c6 6. Nf3 d5 7. cxd5 cxd5 8. Ne5
e6 9. O-O Nfd7 10. f4 Nc6 11. Be3 Nb6 12. b3 Bd7 13. Qd2 f6 14. Nd3 Nc8 15. Nc5
Nd6 16. Rac1 Qe7 17. Rc2 Rac8 18. Rfc1 f5 19. Bf2 Nb4 20. Rb2 b6 21. Nxd7 Qxd7
22. a3 Nc6 23. e3 Ne7 24. Bf1 Qb7 25. Rbc2 Ne4 26. Nxe4 dxe4 27. Bc4 Nd5 28.
Qe2 Rfd8 29. g4 Bf6 30. h3 Be7 31. gxf5 gxf5 32. Qh5 Kh8 33. Kh2 Bxa3 34. Rg1
Rf8 35. Ra2 Bb4 36. Ba6 Qd7 37. Bxc8 Rxc8 38. Bh4 a5 39. Rag2 Rf8 40. Qh6 1-0

[Event "Politiken Cup 2008"]
[Site "Helsingør DEN"]
[Date "2008.07.21"]
[Round "4.15"]
[White "Hedman, Erik"]
[Black "Brunello, Sabino"]
[Result "1-0"]
[WhiteElo "2363"]
[BlackElo "2482"]
[PlyCount "123"]
[EventDate "2008.07.20"]
[EventType "swiss"]
[EventRounds "9"]
[EventCountry "DEN"]
[Source "lmi"]
[SourceDate "2008.07.20"]
[WhiteTeam "SK Rokaden"]

1. e4 c5 2. Nf3 e6 3. Nc3 Nc6 4. Bb5 Nd4 5. Bc4 a6 6. Nxd4 cxd4 7. Ne2 b5 8.
Bb3 Bb7 9. d3 Bc5 10. c3 dxc3 11. bxc3 Ne7 12. Ng3 d5 13. d4 Bb6 14. Qg4 Ba5
15. Bd2 g6 16. e5 h5 17. Qf3 h4 18. Ne2 Nf5 19. g4 hxg3 20. fxg3 Rc8 21. h4 Qe7
22. a3 Qf8 23. Bc2 Bd8 24. h5 Qg7 25. Bd3 Be7 26. a4 Bc6 27. Kf2 bxa4 28. Bxa6
Rb8 29. Bd3 Rxh5 30. Rxh5 gxh5 31. Qxh5 Rb2 32. Bf4 Bf8 33. g4 Ne7 34. Bc1 Rb8
35. Nf4 Kd7 36. g5 Rb3 37. Bd2 Nc8 38. g6 fxg6 39. Qg4 Qg8 40. Bxg6 Ne7 41.
Nxe6 Rb2 42. Nxf8+ Kc7 43. Ne6+ Kb6 44. Bh5 Rxd2+ 45. Ke3 Qxg4 46. Bxg4 Rg2 47.
Bf3 Nf5+ 48. Kf4 Rf2 49. Kxf5 Rxf3+ 50. Nf4 Rxc3 51. Ke6 Rc4 52. Nxd5+ Ka5 53.
Ne7 Bb5 54. d5 Rc3 55. Kd6 a3 56. e6 Kb4 57. Rb1+ Ka5 58. Nc6+ Bxc6 59. dxc6
Rd3+ 60. Kc7 Re3 61. Kd7 Rd3+ 62. Ke8 1-0

[Event "Politiken Cup 2008"]
[Site "Helsingør DEN"]
[Date "2008.07.21"]
[Round "4.16"]
[White "Delemarre, Jop"]
[Black "Angskog, Kent"]
[Result "1-0"]
[WhiteElo "2467"]
[BlackElo "2247"]
[PlyCount "57"]
[EventDate "2008.07.20"]
[EventType "swiss"]
[EventRounds "9"]
[EventCountry "DEN"]
[Source "lmi"]
[SourceDate "2008.07.20"]
[BlackTeam "Hornsdal SK"]

1. d4 e6 2. c4 Bb4+ 3. Bd2 Qe7 4. Nf3 f5 5. g3 Nf6 6. Bg2 O-O 7. O-O c5 8. Bf4
cxd4 9. a3 Bd6 10. Bxd6 Qxd6 11. Qxd4 Qc7 12. Nc3 Nc6 13. Qf4 Qxf4 14. gxf4 Ne4
15. Rac1 Rb8 16. b4 a5 17. b5 Ne7 18. Na4 b6 19. Rfd1 d6 20. e3 Bd7 21. Ng5 d5
22. Nxe4 fxe4 23. Bxe4 Bxb5 24. cxb5 dxe4 25. Rd6 Rf6 26. Rxb6 Rd8 27. Nc5 Rg6+
28. Kf1 Rh6 29. Rxe6 1-0

[Event "Politiken Cup 2008"]
[Site "Helsingør DEN"]
[Date "2008.07.21"]
[Round "4.19"]
[White "Kurmann, Oliver"]
[Black "Blomstrom, Lars"]
[Result "1-0"]
[WhiteElo "2394"]
[BlackElo "2197"]
[PlyCount "65"]
[EventDate "2008.07.20"]
[EventType "swiss"]
[EventRounds "9"]
[EventCountry "DEN"]
[Source "lmi"]
[SourceDate "2008.07.20"]
[WhiteTeam "SK Luzern"]
[BlackTeam "ôrebro SS"]

1. e4 e5 2. Bc4 Nf6 3. d3 Nc6 4. Nf3 Be7 5. O-O O-O 6. Bb3 d5 7. exd5 Nxd5 8.
h3 Kh8 9. Re1 f6 10. Nbd2 Bf5 11. Ne4 a5 12. a3 a4 13. Ba2 Qd7 14. Bd2 Rad8 15.
Qe2 Nf4 16. Bxf4 exf4 17. Nc3 Ne5 18. Nd5 Bd6 19. Nxf4 g5 20. Nd5 Bxh3 21. Nxf6
Nxf3+ 22. Qxf3 Qg7 23. Nh5 g4 24. Qe3 Qxb2 25. gxh3 gxh3 26. Be6 h2+ 27. Kh1 c5
28. Rab1 Qxc2 29. Qg5 Qc3 30. f4 Rde8 31. Rec1 Qd4 32. Rc4 Bxf4 33. Nxf4 1-0

[Event "Politiken Cup 2008"]
[Site "Helsingør DEN"]
[Date "2008.07.21"]
[Round "4.22"]
[White "Kristensen, Kjell Ole"]
[Black "Bulski, Krzysztof"]
[Result "1/2-1/2"]
[WhiteElo "2159"]
[BlackElo "2388"]
[PlyCount "77"]
[EventDate "2008.07.20"]
[EventType "swiss"]
[EventRounds "9"]
[EventCountry "DEN"]
[Source "lmi"]
[SourceDate "2008.07.20"]
[WhiteTeam "Narvik"]
[BlackTeam "Hetman Katowice-Szopienice"]

1. e4 c5 2. Nf3 d6 3. d4 cxd4 4. Nxd4 Nf6 5. Nc3 a6 6. f4 Qc7 7. Bd3 g6 8. Nf3
Bg7 9. O-O O-O 10. Kh1 Nbd7 11. Qe1 e5 12. Qh4 b5 13. f5 Bb7 14. Bg5 b4 15. Ne2
d5 16. Nd2 dxe4 17. Nxe4 Qb6 18. Rf3 Bxe4 19. Bxe4 Rac8 20. Ng3 Nc5 21. Raf1
Ncxe4 22. Nxe4 Nxe4 23. Qxe4 Qc6 24. Qh4 Qc4 25. fxg6 Qxh4 26. gxf7+ Rxf7 27.
Bxh4 Rxf3 28. gxf3 Rxc2 29. Rf2 Rc1+ 30. Kg2 Kf7 31. Re2 Ke6 32. b3 Kd5 33. Be7
a5 34. Bd8 Rc5 35. Kg3 Bh6 36. Kg4 Bf4 37. h4 h6 38. Kf5 Rc3 39. Kg4 1/2-1/2

[Event "Politiken Cup 2008"]
[Site "Helsingør DEN"]
[Date "2008.07.21"]
[Round "4.24"]
[White "Schnabel, Andreas"]
[Black "Tsiolakidis, Anastasios"]
[Result "1-0"]
[WhiteElo "2153"]
[BlackElo "2365"]
[PlyCount "68"]
[EventDate "2008.07.20"]
[EventType "swiss"]
[EventRounds "9"]
[EventCountry "DEN"]
[Source "lmi"]
[SourceDate "2008.07.20"]
[WhiteTeam "SC Grunbach"]

1. d4 Nf6 2. c4 c5 3. Nf3 cxd4 4. Nxd4 Nc6 5. Nc3 e5 6. Nc2 Bc5 7. g3 h5 8. Be3
Qb6 9. Bxc5 Qxc5 10. Nd5 Ne4 11. e3 Kf8 12. Bd3 Ng5 13. b4 Qd6 14. h4 Ne6 15.
Qf3 Ne7 16. Be4 Nxd5 17. Bxd5 a5 18. b5 Rb8 19. Rd1 b6 20. O-O Qe7 21. Qe4 d6
22. f4 Nc5 23. Qg2 f5 24. e4 g6 25. fxe5 Qxe5 26. Nd4 Rb7 27. exf5 gxf5 28.
Bxb7 Bxb7 29. Nc6 Bxc6 30. bxc6 Ke7 31. Rd5 Qe3+ 32. Kh2 Nd3 33. Rf3 Qxf3 34.
Qxf3 Ne5 1-0

[Event "Politiken Cup 2008"]
[Site "Helsingør DEN"]
[Date "2008.07.21"]
[Round "4.25"]
[White "Gajic, Mladen"]
[Black "Engqvist, Thomas"]
[Result "1-0"]
[WhiteElo "2135"]
[BlackElo "2363"]
[PlyCount "71"]
[EventDate "2008.07.20"]
[EventType "swiss"]
[EventRounds "9"]
[EventCountry "DEN"]
[Source "lmi"]
[SourceDate "2008.07.20"]
[WhiteTeam "Lask"]
[BlackTeam "Rockaden"]

1. e4 c6 2. Nf3 d5 3. exd5 cxd5 4. Ne5 Nc6 5. d4 g6 6. Bb5 Bd7 7. Nxd7 Qxd7 8.
c3 Bg7 9. O-O Nh6 10. Nd2 Nf5 11. Nb3 b6 12. a4 Nd6 13. Bf4 Nxb5 14. axb5 Nd8
15. Qe2 Ne6 16. Bg3 O-O 17. Nc1 Bh6 18. Na2 Bf4 19. Nb4 Bxg3 20. fxg3 Qd6 21.
Ra4 f6 22. Rfa1 Kf7 23. Qf3 Nc7 24. Qe2 Ne6 25. Rxa7 Nxd4 26. Qd3 Rxa7 27. Rxa7
Qe5 28. Kf2 Qb8 29. Rd7 Nf5 30. Qxd5+ Kg7 31. Nc6 Qc8 32. Nxe7 Nxe7 33. Rxe7+
Kh6 34. Qd7 Qc5+ 35. Kf3 Qh5+ 36. g4 1-0

[Event "Politiken Cup 2008"]
[Site "Helsingør DEN"]
[Date "2008.07.21"]
[Round "4.27"]
[White "Eljanov, Vladimir"]
[Black "Dvoretska, Olena"]
[Result "1-0"]
[WhiteElo "2357"]
[BlackElo "2156"]
[PlyCount "85"]
[EventDate "2008.07.20"]
[EventType "swiss"]
[EventRounds "9"]
[EventCountry "DEN"]
[Source "lmi"]
[SourceDate "2008.07.20"]

1. Nf3 d6 2. d4 g6 3. e4 Bg7 4. Bc4 Nf6 5. Qe2 d5 6. exd5 Nxd5 7. O-O Nc6 8.
Nc3 Be6 9. Ne4 Bg4 10. c3 O-O 11. h3 Bc8 12. Bb5 a5 13. c4 Nb6 14. Bxc6 bxc6
15. Bf4 Ba6 16. b3 Nd7 17. Rad1 Re8 18. Qe3 Qb8 19. Bh6 Bh8 20. Neg5 e5 21.
dxe5 Nxe5 22. Nxe5 Rxe5 23. Qd2 Qe8 24. Rfe1 Bf6 25. Nf3 Rxe1+ 26. Rxe1 Qd8 27.
Qe3 Bg7 28. Bxg7 Kxg7 29. Qe5+ Kg8 30. Ng5 a4 31. Ne4 h6 32. Nf6+ Kf8 33. Ne8
f6 34. Nxf6 axb3 35. axb3 Qd6 36. Qc3 Kf7 37. Ng4 g5 38. Re3 Rd8 39. Rf3+ Kg8
40. Rf6 Qd4 41. Nxh6+ Kh8 42. Qxd4 Rxd4 43. Rxc6 1-0

[Event "Politiken Cup 2008"]
[Site "Helsingør DEN"]
[Date "2008.07.21"]
[Round "4.28"]
[White "Arkhangelsky, Boris"]
[Black "Ofstad, Per"]
[Result "0-1"]
[WhiteElo "2340"]
[BlackElo "2141"]
[PlyCount "146"]
[EventDate "2008.07.20"]
[EventType "swiss"]
[EventRounds "9"]
[EventCountry "DEN"]
[Source "lmi"]
[SourceDate "2008.07.20"]
[BlackTeam "Fredrikstad"]

1. d4 e6 2. c4 f5 3. g3 Nf6 4. Bg2 c6 5. Nh3 d5 6. Qc2 Be7 7. O-O O-O 8. Nf4
Na6 9. a3 Qe8 10. Nd2 Bd7 11. Nf3 Rd8 12. Ne5 Bc8 13. c5 Nc7 14. Bd2 Bd7 15.
Ba5 Rc8 16. Qb3 Nb5 17. Qd1 g5 18. Nh3 Ng4 19. a4 Nxe5 20. axb5 Nf7 21. Bc3 Ra8
22. bxc6 Bxc6 23. f3 Nh6 24. e3 Qg6 25. Re1 a6 26. Qc2 Rf7 27. Nf2 Rg7 28. Nd3
Nf7 29. Nb4 g4 30. Nxc6 bxc6 31. f4 h5 32. Bf1 h4 33. Rxa6 Rxa6 34. Bxa6 Rh7
35. Bf1 Qh5 36. Qg2 Nh8 37. Ra1 Ng6 38. b4 Kf7 39. b5 cxb5 40. Bxb5 Rh8 41. Bc6
hxg3 42. hxg3 Rb8 43. Qh2 Qxh2+ 44. Kxh2 Rb3 45. Rc1 Bd8 46. Kg2 Nf8 47. Rc2
Nh7 48. Ba4 Ra3 49. Bb5 Nf6 50. Bd3 Ke7 51. Kf2 Kd7 52. Ke2 Kc8 53. Bb4 Ra4 54.
Be1 Ba5 55. Bxa5 Rxa5 56. Rb2 Ne4 57. Bxe4 fxe4 58. Rb6 Ra2+ 59. Kd1 Ra1+ 60.
Kd2 Ra2+ 61. Kc3 Re2 62. Rxe6 Rxe3+ 63. Kb4 Kc7 64. Rd6 Rxg3 65. Rxd5 Rf3 66.
Kb5 e3 67. Rg5 g3 68. d5 e2 69. d6+ Kd8 70. c6 e1=Q 71. Rg8+ Qe8 72. Rxe8+ Kxe8
73. Kb6 Kd8 0-1

[Event "Politiken Cup 2008"]
[Site "Helsingør DEN"]
[Date "2008.07.21"]
[Round "4.30"]
[White "Marusenko, Petr"]
[Black "Schou-Moldt, Thomas"]
[Result "1-0"]
[WhiteElo "2327"]
[BlackElo "2136"]
[PlyCount "68"]
[EventDate "2008.07.20"]
[EventType "swiss"]
[EventRounds "9"]
[EventCountry "DEN"]
[Source "lmi"]
[SourceDate "2008.07.20"]
[BlackTeam "Allerød"]

1. e4 e5 2. Nf3 Nc6 3. Bb5 Nge7 4. c3 g6 5. d4 exd4 6. cxd4 d5 7. exd5 Nxd5 8.
O-O Bg7 9. Re1+ Be6 10. Bg5 Qd6 11. Nbd2 O-O 12. Ne4 Qb4 13. Bxc6 bxc6 14. Qc2
Qb6 15. Rac1 Rab8 16. b3 Qa5 17. Bd2 Nb4 18. Bxb4 Qxb4 19. Qxc6 Qa3 20. Nc5
Qxa2 21. Nxe6 fxe6 22. Qxe6+ Kh8 23. Rxc7 Qxb3 24. Qe7 Qg8 25. Rxa7 Rfe8 26.
Qh4 Rxe1+ 27. Nxe1 Rd8 28. Nf3 Rb8 29. g3 h6 30. Qe4 Qe8 31. Re7 Rb1+ 32. Kg2
Qb5 33. Nd2 Rb2 34. Qxg6 Qc6+ 1-0

[Event "Politiken Cup 2008"]
[Site "Helsingør DEN"]
[Date "2008.07.21"]
[Round "4.31"]
[White "Inhoven, Stefan"]
[Black "Jacobsen, Bo"]
[Result "1/2-1/2"]
[WhiteElo "2124"]
[BlackElo "2323"]
[PlyCount "87"]
[EventDate "2008.07.20"]
[EventType "swiss"]
[EventRounds "9"]
[EventCountry "DEN"]
[Source "lmi"]
[SourceDate "2008.07.20"]
[WhiteTeam "SK62 Ladenburg"]
[BlackTeam "AArhus/Skolerne"]

1. Nf3 g6 2. e4 Bg7 3. d4 d6 4. Nc3 c6 5. a4 Nf6 6. h3 O-O 7. Be3 Nbd7 8. a5
Qc7 9. Bd3 Rb8 10. O-O b5 11. axb6 axb6 12. Qe2 Bb7 13. Nd2 e5 14. dxe5 dxe5
15. Nb3 b5 16. Nc5 Nxc5 17. Bxc5 Rfe8 18. Be3 Nd7 19. Rfd1 Nf8 20. f3 Ne6 21.
Qf2 Ra8 22. Ne2 Qe7 23. Qe1 h5 24. Rxa8 Rxa8 25. Ra1 Qd8 26. Qb1 Bf8 27. Rxa8
Qxa8 28. b4 Qa3 29. c3 c5 30. bxc5 Bxc5 31. Bxc5 Qxc5+ 32. Kh2 Bc6 33. Qg1 Qd6
34. Qe3 h4 35. Bc2 Kg7 36. Bb3 Nc5 37. Bc2 Bd7 38. Nc1 Be6 39. Nd3 Na4 40. Nf2
Qc7 41. Nd1 Bc4 42. Bd3 Nc5 43. Bxc4 bxc4 44. Nb2 1/2-1/2

[Event "Politiken Cup 2008"]
[Site "Helsingør DEN"]
[Date "2008.07.21"]
[Round "4.33"]
[White "Moen, Andreas"]
[Black "Haubro, Sigfred"]
[Result "1-0"]
[WhiteElo "2297"]
[BlackElo "2114"]
[PlyCount "77"]
[EventDate "2008.07.20"]
[EventType "swiss"]
[EventRounds "9"]
[EventCountry "DEN"]
[Source "lmi"]
[SourceDate "2008.07.20"]
[WhiteTeam "OSS"]
[BlackTeam "BMS"]

1. d4 d5 2. c4 e6 3. Nc3 f5 4. g4 fxg4 5. Bg2 Nf6 6. Bg5 c6 7. e3 Be7 8. h3 g3
9. fxg3 Nbd7 10. Nge2 dxc4 11. Nf4 Nb6 12. Bxf6 Bxf6 13. O-O Qe7 14. Be4 Nd5
15. Qh5+ Kd8 16. Bxh7 Nxf4 17. Rxf4 Bd7 18. Qg6 Be8 19. Qc2 g5 20. Rf2 Qg7 21.
Be4 Rxh3 22. Rh2 g4 23. Rxh3 gxh3 24. Kh2 Qh6 25. Qf2 Bg5 26. Re1 a5 27. Bf3 a4
28. a3 Ra5 29. e4 Bd2 30. Rd1 Bxc3 31. bxc3 Rb5 32. d5 Qf6 33. dxc6+ Kc7 34. e5
Qxe5 35. Qd2 Rd5 36. Bxd5 exd5 37. cxb7 Qe6 38. Re1 Qg6 39. Re7+ 1-0

[Event "Politiken Cup 2008"]
[Site "Helsingør DEN"]
[Date "2008.07.21"]
[Round "4.34"]
[White "Overeem, Marc"]
[Black "Koenig, Dirk"]
[Result "0-1"]
[WhiteElo "2288"]
[BlackElo "2106"]
[PlyCount "70"]
[EventDate "2008.07.20"]
[EventType "swiss"]
[EventRounds "9"]
[EventCountry "DEN"]
[Source "lmi"]
[SourceDate "2008.07.20"]
[WhiteTeam "Max Euwe"]
[BlackTeam "SC Grunbach"]

1. Nf3 d6 2. e4 g6 3. d4 Bg7 4. Bc4 Nf6 5. Qe2 c6 6. Bb3 O-O 7. O-O Qc7 8. e5
dxe5 9. dxe5 Nd5 10. h3 h6 11. Re1 a5 12. a3 Na6 13. Bxd5 cxd5 14. Nc3 Rd8 15.
Bf4 Qc6 16. Rad1 Nc7 17. Nd4 Qa6 18. Qe3 Kh7 19. a4 Bd7 20. Qf3 g5 21. Bc1 Qg6
22. g4 Rac8 23. Nf5 Bf8 24. Be3 Na6 25. Ng3 Nb4 26. e6 Bxe6 27. Bb6 Nxc2 28.
Re2 Rd7 29. Bxa5 Rc4 30. Nf5 d4 31. Nb5 Rxa4 32. Rxc2 Rxa5 33. Nfxd4 Rxb5 34.
Rc8 Rxd4 35. Rxd4 Bxc8 0-1

[Event "Politiken Cup 2008"]
[Site "Helsingør DEN"]
[Date "2008.07.21"]
[Round "4.35"]
[White "De Coninck, Rafael"]
[Black "Den Heeten, Djurre"]
[Result "0-1"]
[WhiteElo "2121"]
[BlackElo "2278"]
[PlyCount "54"]
[EventDate "2008.07.20"]
[EventType "swiss"]
[EventRounds "9"]
[EventCountry "DEN"]
[Source "lmi"]
[SourceDate "2008.07.20"]
[WhiteTeam "TSM Schaakclub"]
[BlackTeam "SV De Wijker Toren"]

1. d4 d5 2. Nf3 Bg4 3. Ne5 Bf5 4. c4 f6 5. Nf3 e6 6. cxd5 exd5 7. Nc3 c6 8. Bf4
Na6 9. e3 Nc7 10. Qb3 Bd6 11. Bxd6 Qxd6 12. Be2 Ne7 13. O-O O-O 14. Rfc1 Kh8
15. a4 a5 16. Qa3 Qd7 17. b4 Nc8 18. b5 Nd6 19. Nd2 cxb5 20. Nxb5 Ncxb5 21.
Bxb5 Nxb5 22. axb5 Qxb5 23. Rc5 Qe2 24. Rxa5 Rac8 25. Rxd5 Be6 26. Rd6 Bg8 27.
Qb2 Ra8 0-1

[Event "Politiken Cup 2008"]
[Site "Helsingør DEN"]
[Date "2008.07.21"]
[Round "4.36"]
[White "Aabling-Thomsen, Jakob"]
[Black "Dalberg, Preben"]
[Result "1-0"]
[WhiteElo "2275"]
[BlackElo "2097"]
[PlyCount "87"]
[EventDate "2008.07.20"]
[EventType "swiss"]
[EventRounds "9"]
[EventCountry "DEN"]
[Source "lmi"]
[SourceDate "2008.07.20"]
[WhiteTeam "Brønshøj"]
[BlackTeam "Holbæk"]

1. e4 e6 2. d4 d5 3. Nc3 Bb4 4. e5 c5 5. a3 Bxc3+ 6. bxc3 Ne7 7. Qg4 O-O 8. Bd3
f5 9. exf6 Rxf6 10. Bg5 Rf7 11. Qh5 g6 12. Qd1 Qa5 13. Nf3 Nbc6 14. O-O c4 15.
Be2 Nf5 16. Bd2 Nd6 17. Ng5 Rf6 18. h4 Bd7 19. Bg4 h6 20. Nh3 Kg7 21. Qc1 Rh8
22. h5 Ne4 23. Be1 Qc7 24. Qe3 Rhf8 25. hxg6 e5 26. Bxd7 exd4 27. cxd4 Qxd7 28.
f3 Nd6 29. c3 Nf5 30. Qc1 Rxg6 31. Nf4 Rg5 32. Ra2 Qd6 33. Nh3 Rg6 34. f4 Qe6
35. Rf3 Qe4 36. Kh2 Kh7 37. Ng1 Re8 38. Re2 Qxe2 39. Nxe2 Rxe2 40. Bf2 Nh4 41.
Bxh4 Rgxg2+ 42. Kh3 Rh2+ 43. Kg4 Reg2+ 44. Rg3 1-0